| 000 | 00510nam a22001817a 4500 | ||
|---|---|---|---|
| 003 | CEME | ||
| 005 | 20210628201645.0 | ||
| 008 | 210212b xxu||||| |||| 00| 0 eng d | ||
| 020 | _a0-471-12806-6 | ||
| 040 | _c. | ||
| 082 | _a572.8633 AUT | ||
| 100 |
_aBeugelsdijk, Tony.J _956204 |
||
| 245 | _aAutomation technologies for genome characterization | ||
| 260 |
_aNEW YORK _bJOHN WILEY _c1997 |
||
| 300 | _aXVI,306P | ||
| 650 |
_aGENE MAPING-AUTOMATION GENE MAPING-DATA PROCESSING _956205 |
||
| 942 |
_cBK _2ddc |
||
| 999 |
_c566698 _d566698 |
||